000 00311cam a22001217a 4500
008 180718b1958 xxu||||| |||| 00| 0 eng d
082 _aH9 H262
100 _aHarvey, C.P.
245 _aAdvocate's devil
_cby C.P. Harvey
260 _aLondon
_bStevens
_c1958
300 _a166p.
650 _aLawyers --Great Britain
999 _c367699
_d367699